Imágenes a través del tiempo : arte rupestre y construcción social del paisaje en la meseta central de santa cruz /

Guardado en:
Autor Principal: Carden, Natalia
Formato: Libro
Publicado: Buenos Aires : Sociedad Argentina de Antropología, 2009
Series:Colección Tesis Doctorales / dirigida por Victoria Horwitz
Materias:
Etiquetas: Agregar Etiqueta
Sin Etiquetas, Sea el primero en etiquetar este registro!
LEADER 00730nam a22002055a 4500
001 CEM.cems013086
005 20090305093033.0
008 130507s2009##################000#0#####d
003 CEMS
020 |a 9789871280117 
082 0 4 |a 709.01 
100 1 |a Carden, Natalia 
245 1 0 |a Imágenes a través del tiempo :  |b arte rupestre y construcción social del paisaje en la meseta central de santa cruz /  |c Natalia Carden 
260 |a Buenos Aires :  |b Sociedad Argentina de Antropología,  |c 2009 
300 |a 368 p. 
490 0 |a Colección Tesis Doctorales / dirigida por Victoria Horwitz 
653 |a Arte 
653 |a Arte rupestre 
653 |a Argentina-arte rupestre 
859 |a CEMS  |b BIB. CEMS - 11 de abril  |h 709.01  |i C178  |p 25513.09  |t Ej.1